The playwright as magician : (Record no. 23488)

000 -LEADER
fixed length control field 00939cam a2200265 i 4500
001 - CONTROL NUMBER
control field 1808268
003 - CONTROL NUMBER IDENTIFIER
control field OSt
005 - DATE AND TIME OF LATEST TRANSACTION
control field 20170126114456.0
008 - FIXED-LENGTH DATA ELEMENTS--GENERAL INFORMATION
fixed length control field 790308s1979 ctu b 001 0 eng
010 ## - LIBRARY OF CONGRESS CONTROL NUMBER
LC control number 79010829
020 ## - INTERNATIONAL STANDARD BOOK NUMBER
International Standard Book Number 0300023790
040 ## - CATALOGING SOURCE
Original cataloging agency DLC
Transcribing agency DLC
Modifying agency DLC
043 ## - GEOGRAPHIC AREA CODE
Geographic area code e-uk-en
050 00 - LIBRARY OF CONGRESS CALL NUMBER
Classification number PR3034
Item number .K47
082 00 - DEWEY DECIMAL CLASSIFICATION NUMBER
Classification number 822.3/3
100 1# - MAIN ENTRY--PERSONAL NAME
Personal name Kernan, Alvin B.
245 14 - TITLE STATEMENT
Title The playwright as magician :
Remainder of title Shakespeare's image of the poet in the English public theater /
Statement of responsibility, etc. Alvin B. Kernan.
260 ## - PUBLICATION, DISTRIBUTION, ETC. (IMPRINT)
Place of publication, distribution, etc. New Haven :
Name of publisher, distributor, etc. Yale University Press,
Date of publication, distribution, etc. 1979.
300 ## - PHYSICAL DESCRIPTION
Extent vii, 164 p. ;
Dimensions 22 cm.
504 ## - BIBLIOGRAPHY, ETC. NOTE
Bibliography, etc Includes bibliographical references and index.
600 10 - SUBJECT ADDED ENTRY--PERSONAL NAME
Personal name Shakespeare, William,
Dates associated with a name 1564-1616
General subdivision Knowledge
-- Performing arts.
650 #0 - SUBJECT ADDED ENTRY--TOPICAL TERM
Topical term or geographic name as entry element Theater
Geographic subdivision England
General subdivision History
Chronological subdivision 16th century.
650 #0 - SUBJECT ADDED ENTRY--TOPICAL TERM
Topical term or geographic name as entry element Drama
General subdivision Technique.
906 ## - LOCAL DATA ELEMENT F, LDF (RLIN)
a 7
b cbc
c orignew
d 1
e ocip
f 19
g y-gencatlg
942 ## - ADDED ENTRY ELEMENTS (KOHA)
Source of classification or shelving scheme
Koha item type Hard Covered Materials
Classification part PR 2976 .K48 1979
Holdings
Withdrawn status Lost status Source of classification or shelving scheme Damaged status Not for loan Home library Current library Shelving location Date acquired Source of acquisition Total Checkouts Full call number Barcode Date last seen Price effective from Koha item type
          MACHAKOS UNIVERSITY LIBRARY MACHAKOS UNIVERSITY LIBRARY Technical section 26/01/2017 Donation (BFA)   PR 2976 .K48 1979 32358 10/07/2018 26/01/2017 Hard Covered Materials
© Machakos University Library, Along The Highway, Machakos Wote Rd, Machakos, Kenya P.O. Box 136 - 90100 Machakos - Kenya

Tel: ( +254 ) 723 805829 OR Fax : 044-20353 OR Email: library@mksu.ac.ke